000 00552nam a2200193 a 4500
001 18420
003 CO-ViMGA
008 141112s2004 ck r 000 u spa d
020 _a9586481999
040 _aCO-ViMGA
_bspa
_cCO-ViMGA
082 0 4 _a070.44 C657f
100 1 _aConsuegra, Jorge
_926230
245 1 0 _a365 formas de decir :
_bCómo te quiero Colombia
260 _aBogotá,
_cEcoe,
_c1999
300 _a193.p.
590 _aForma de adquisición : Premio - Mincultura
650 1 4 _aCRONICAS PERIODISTICAS - COLOMBIA
_926231
942 _2ddc
_cBK
999 _c27718
_d27718